000 00578pam a2200217 a 4500
001 4313921
005 20180202075050.0
008 870818s1988 ilua b 001 0 eng
010 _a 87023393
020 _a0673397513 (pbk.)
040 _aDLC
_cDLC
_dDLC
041 _aeng
080 _a320.6
082 0 0 _a320.6 STO
_221
100 1 _a19
101 _aSHP
245 1 0 _aPolicy paradox and political reason /
_cDeborah A. Stone.
504 _aIncludes bibliographical references and index.
906 _a7
_bcbc
_corignew
_d1
_eocip
_f19
_gy-gencatlg
942 _2ddc
_cBK
999 _c41661
_d41661